Osler's Textbook Revisited (Record no. 478)

000 -LEADER
fixed length control field 00662nam a22002177a 4500
003 - CONTROL NUMBER IDENTIFIER
control field OSt
005 - DATE AND TIME OF LATEST TRANSACTION
control field 20210420063040.0
008 - FIXED-LENGTH DATA ELEMENTS--GENERAL INFORMATION
fixed length control field 201127s1967 ||||| |||| 00| 0 eng d
040 ## - CATALOGING SOURCE
Original cataloging agency eng
Language of cataloging eng
Transcribing agency DLC
041 ## - LANGUAGE CODE
Language code of text/sound track or separate title eng
080 ## - UNIVERSAL DECIMAL CLASSIFICATION NUMBER
Universal Decimal Classification number 61 (09)
Item number M-44
100 ## - MAIN ENTRY--PERSONAL NAME
9 (RLIN) 403
Personal name McGehee, A. Harvey
Relator term Editor
245 ## - TITLE STATEMENT
Title Osler's Textbook Revisited
Remainder of title : Reprint of Selected Sections with Commentaries
250 ## - EDITION STATEMENT
Edition statement Reprint
260 ## - PUBLICATION, DISTRIBUTION, ETC.
Place of publication, distribution, etc. New York
Name of publisher, distributor, etc. Appleton-Century-Crofts
Date of publication, distribution, etc. 1967
300 ## - PHYSICAL DESCRIPTION
Extent 361 p.
650 #0 - SUBJECT ADDED ENTRY--TOPICAL TERM
9 (RLIN) 335
Topical term or geographic name entry element History of Medicine
653 ## - INDEX TERM--UNCONTROLLED
Uncontrolled term მედიცინის ისტორია
700 ## - ADDED ENTRY--PERSONAL NAME
9 (RLIN) 404
Personal name McKusick, A. Victor
Relator term Editor
942 ## - ADDED ENTRY ELEMENTS (KOHA)
Source of classification or shelving scheme
Koha item type Books
Edition Reprint
Holdings
Withdrawn status Lost status Source of classification or shelving scheme Damaged status Not for loan Permanent location Current location Date acquired Inventory number Total Checkouts Full call number Barcode Date last seen Price effective from Koha item type
          Ken Walker International University Ken Walker International University 11/27/2020 1295   61 (09) M-44 1295 11/27/2020 11/27/2020 Books

Powered by Koha